[Event "FSIM December 2013"]
[Site "Budapest HUN"]
[Date "2013.12.13"]
[Round "6.5"]
[White "Fang,Yuxiang"]
[Black "Golubov,Saveliy"]
[Result "1/2-1/2"]
[WhiteElo "2189"]
[BlackElo "2305"]

1.Nf3 Nf6 2.c4 e6 3.d4 d5 4.Nc3 Be7 5.Bf4 O-O 6.e3 c6 7.Bd3 Nbd7 8.h3 dxc4
9.Bxc4 b5 10.Bd3 Bb7 11.a3 Nb6 12.Rc1 Nbd5 13.Nxd5 Nxd5 14.Bh2 Rc8 15.O-O a6
16.b4 a5 17.e4 Nb6 18.Qb3 axb4 19.axb4 Ra8 20.Ra1 Qd7 21.Bf4 Rfd8 22.Rfd1 Bf8
23.Bg5 Rdc8 24.Be3 Qd6 25.Bd2 Qd8 26.Be3 Qd6 27.Bd2 Qd8 28.Be2 Ra4 29.Rxa4 Nxa4
30.Be3 Qd6 31.Rb1 Nb6 32.Ne5 Ra8 33.Nd3 Bc8 34.Nc5 Nd7 35.Qc3 e5 36.dxe5 Qxe5
37.Bd4 Qe8 38.Nd3 Nb8 39.Bf3 Be6 40.Rc1 Na6 41.Qxc6 Qxc6 42.Rxc6 Nxb4 43.Nxb4 Bxb4
44.Be2 Bd7 45.Rc7 Be8 46.Rb7 Bc6 47.Rb6 Bxe4 48.Rxb5  1/2-1/2

[Event "Pavlodar Open 2013"]
[Site "Pavlodar KAZ"]
[Date "2013.12.13"]
[Round "8.37"]
[White "Iskichekova,Nadezhda"]
[Black "Mansurov,S"]
[Result "0-1"]
[WhiteElo "1757"]
[BlackElo "1930"]

1.d4 d5 2.Nf3 Nf6 3.c4 e6 4.Nc3 Be7 5.Bf4 c6 6.e3 O-O 7.Bd3 Nbd7 8.h3 Re8
9.Rc1 Nf8 10.O-O Ng6 11.Bh2 Bd6 12.Ne5 Nd7 13.f4 f5 14.cxd5 cxd5 15.Nb5 Nb6
16.Nxd6 Qxd6 17.Qh5 Rf8 18.Nxg6 hxg6 19.Qxg6 Bd7 20.g4 Rf6 21.Qg5 Raf8 22.Qh4 Rh6
23.Qg3 Qb4 24.g5 Rh8 25.b3 Qd2 26.Bb1 Rc8 27.Rxc8+ Nxc8 28.h4 Bb5 29.Re1 Ne7
30.a4 Ba6 31.Qf2 Qc3 32.Bc2 Nc6 33.Rb1 Nb4 34.Bd1 Bd3 35.Rb2 Be4 36.Qd2 Qxd2
37.Rxd2 Rxh4 38.Be2 Rh3 39.Bb5 Rxe3 40.g6 Kf8 41.Rb2 a6 42.Bf1 Nc2 43.Bg2 Re2
44.Bxe4 fxe4 45.b4 Ke7 46.b5 axb5 47.axb5 b6  0-1

[Event "ch-European Blitz 2013"]
[Site "Warsaw POL"]
[Date "2013.12.13"]
[Round "1.2"]
[White "Wojtaszek,R"]
[Black "Parol,P"]
[Result "1-0"]
[WhiteElo "2711"]
[BlackElo "2005"]

1.c4 e6 2.Nf3 Nf6 3.Nc3 d5 4.d4 Be7 5.Bf4 O-O 6.e3 c6 7.Qc2 Nbd7 8.Rd1 Re8
9.h3 Nf8 10.Be2 Ng6 11.Bh2 Bd6 12.Bxd6 Qxd6 13.O-O b6 14.cxd5 exd5 15.Rc1 Bd7
16.Bd3 Rac8 17.a3 Red8 18.Ba6 Rb8 19.Bd3 Rbc8 20.Ne2 c5 21.dxc5 bxc5 22.Qc3 Re8
23.Ng3 Ne5 24.Nxe5 Qxe5 25.Qxe5 Rxe5 26.Rc3 d4 27.exd4 cxd4 28.Rxc8+ Bxc8
29.Rc1 Bd7 30.Ne2 Rd5 31.Rc7 a5 32.Kf1 g6 33.Ke1 Kf8 34.Kd2 Ke7 35.Rc4 Bb5
36.Rxd4 Bxd3 37.Rxd5 Nxd5 38.Kxd3 Kd6 39.Kd4 Nc7 40.Nc3 Ne6+ 41.Kc4 Nf4 42.Kb5 Nxg2
43.Kxa5 Nf4 44.b4 Nxh3 45.b5 Kc7 46.Ka6 Kb8 47.b6  1-0

[Event "ch-European Blitz 2013"]
[Site "Warsaw POL"]
[Date "2013.12.13"]
[Round "9.2"]
[White "Dragun,K"]
[Black "Sargissian,G"]
[Result "1/2-1/2"]
[WhiteElo "2530"]
[BlackElo "2675"]

1.d4 d5 2.c4 e6 3.Nc3 Be7 4.Nf3 Nf6 5.Bf4 O-O 6.Rc1 c6 7.e3 Nbd7 8.h3 a6
9.Bd3 dxc4 10.Bxc4 b5 11.Bd3 Bb7 12.O-O c5 13.Bg3 cxd4 14.Nxd4 Rc8 15.Bb1 Nc5
16.a3 Qb6 17.b4 Nce4 18.Nxe4 Bxe4 19.Qb3 Bxb1 20.Qxb1 Qb7 21.Bh4 h6 22.Rxc8 Rxc8
23.Rc1 g5 24.Bg3 Nd5 25.Rc2 Bf6 26.Qc1 Rxc2 27.Qxc2 Bxd4 28.exd4 Qd7 29.Qc5 f6
30.h4 Kg7 31.h5 Kf7 32.Bd6 f5 33.Bf8 Nf6 34.Bxh6 Nxh5 35.Bxg5 Kg6 36.Be3 Nf6
37.Qf8 Qe8 38.Qd6 Qc8 39.g3 Kf7 40.Bg5 Nd5 41.Qe5 Qc2 42.Bh6 Qd1+ 43.Kg2 Qg4
44.Be3 Qe4+ 45.Qxe4 fxe4 46.g4 Kg6 47.Kg3 Nb6 48.Bc1 Nd5 49.f3 exf3 50.Kxf3 Nc3
51.Ke3 Kf7 52.Kd3 Nd5 53.Ke4 Nf6+ 54.Kf4 Kg6 55.g5 Nd7 56.Ke4 Kf7 57.d5 Nb6
58.dxe6+ Kxe6 59.Kd4 Na4 60.Be3 Kd6 61.Bf4+ Ke6 62.Bd2 Kd6 63.Be3 Ke6 64.Bf4 Nb2
65.Bc1 Na4 66.Bd2 Kd6 67.g6 Ke6 68.Bg5 Nb2 69.Kc5 Nc4 70.Bc1 Kf6 71.Kc6 Kxg6
72.Kb7 a5 73.Kc6 axb4 74.axb4 Ne5+ 75.Kxb5 Nd3  1/2-1/2

[Event "Bundesliga 2013-14"]
[Site "Hockenheim GER"]
[Date "2013.12.14"]
[Round "5"]
[White "Navara,D"]
[Black "Buhmann,R"]
[Result "1/2-1/2"]
[WhiteElo "2703"]
[BlackElo "2582"]

1.c4 e6 2.d4 Nf6 3.Nf3 d5 4.Nc3 Be7 5.Bf4 O-O 6.e3 b6 7.Bd3 dxc4 8.Bxc4 Bb7
9.O-O Nbd7 10.Qe2 a6 11.Rfd1 b5 12.Bd3 Bd6 13.Bg5 h6 14.Bh4 Qe7 15.Ne4 g5
16.Nxd6 cxd6 17.Bg3 Nh5 18.a4 bxa4 19.Rxa4 Rfb8 20.Rda1 Nb6 21.Ra5 Nd5 22.Bxa6 Bxa6
23.Rxa6 Rxa6 24.Rxa6 Nxg3 25.hxg3 Qb7 26.Rxd6 Nf6 27.Ne5 Qxb2 28.Qxb2 Rxb2
29.g4 Rb1+ 30.Kh2 Rb2 31.f3 Nd5 32.e4 Nf4 33.Rd8+ Kg7 34.Rd7 Rxg2+ 35.Kh1 Rd2
36.Rxf7+ Kg8 37.Rd7 Rd1+ 38.Kh2 Rd2+ 39.Kg1 Rxd4 40.Rxd4 Ne2+ 41.Kf2 Nxd4
42.Ke3 Nb3 43.Kd3 Kg7 44.Nc6 Kf6 45.Kc3 Nc5 46.Kc4 Nd7 47.Kd4 Kf7 48.Nd8+ Ke7
49.Nb7 Nf8 50.Kc5 Nd7+ 51.Kd4 Nf8 52.Na5 Nd7 53.Nc4 Kf6 54.Nd6 Ke7 55.Nc4 Kf6
56.e5+ Kg6 57.Nd6 h5 58.gxh5+ Kxh5 59.Ne4 Kg6 60.Nc5 Nxc5 61.Kxc5 Kf5 62.Kd6  1/2-1/2

[Event "Malmo Open 2013"]
[Site "Malmo SWE"]
[Date "2013.12.14"]
[Round "4.5"]
[White "Matthiesen,A"]
[Black "Jepson,C"]
[Result "1/2-1/2"]
[WhiteElo "2358"]
[BlackElo "2397"]

1.d4 d5 2.c4 e6 3.Nc3 Be7 4.Nf3 Nf6 5.Bf4 O-O 6.e3 b6 7.Be2 Bb7 8.O-O dxc4
9.Bxc4 a6 10.a3 Nbd7 11.Qe2 b5 12.Ba2 c5 13.Ne5 Nxe5 14.Bxe5 Nd7 15.Bg3 cxd4
16.exd4 Nf6 17.Rad1 Rc8 18.Be5 Nd5 19.Ne4 f6 20.Bg3 Re8 21.f3 f5 22.Nc5 Bxc5
23.dxc5 Rxc5 24.Be5 Qe7 25.Bd4 Rc7 26.Rfe1 Nf4 27.Qf2 Qg5 28.Qg3 Qxg3 29.hxg3 Nd5
30.Bxg7 Kxg7 31.Bxd5 Bxd5 32.Rxd5 exd5 33.Rxe8 Rc2 34.b4 Rc3 35.Rd8 Rxa3
36.Rxd5 Ra4 37.Rd6 Rxb4 38.Rxa6 Rb2  1/2-1/2

[Event "ch-European Rapid 2013"]
[Site "Warsaw POL"]
[Date "2013.12.14"]
[Round "6.3"]
[White "Moiseenko,A1"]
[Black "Dubov,Daniil"]
[Result "1/2-1/2"]
[WhiteElo "2713"]
[BlackElo "2629"]

1.d4 d5 2.c4 e6 3.Nf3 Nf6 4.Nc3 Be7 5.Bf4 O-O 6.e3 a6 7.cxd5 exd5 8.Bd3 Bg4
9.h3 Bxf3 10.Qxf3 c6 11.g4 Bd6 12.g5 Ne8 13.h4 Bxf4 14.Qxf4 Nd6 15.O-O-O f5
16.gxf6 Rxf6 17.Qg3 Nd7 18.Rdg1 Qe7 19.Rg2 Raf8 20.Rhg1 Ne8 21.Qg5 Kh8 22.Ne2 R8f7
23.Nf4 Nf8 24.h5 Ne6 25.Ng6+ Rxg6 26.Qxe7 Rxe7 27.hxg6 h6 28.b4 Nd6 29.Kd2 Kg8
30.a4 Nc7 31.f3 Kf8 32.Re1 Ne6 33.Rb1 Ke8 34.b5 axb5 35.axb5 c5 36.dxc5 Nxc5
37.Rg4 Kd7 38.Rh1 Re5 39.Rxh6 Nxd3 40.Kxd3 Nf5 41.Rh3 Rxe3+ 42.Kd2 Rb3 43.Rf4 Ke6
44.Rh5 Ne7 45.Rf7 Rb2+ 46.Kc1 Rxb5 47.Rxg7 Kf6 48.Rxe7 Kxe7 49.Rg5 Rc5+ 50.Kd2 Rc8
51.Rxd5 Rg8 52.Rb5 Rxg6 53.Rxb7+ Kf8 54.Ke3 Rc6 55.f4 Ra6 56.Ke4 Rc6 57.Ke5 Ra6
58.Rd7 Rb6 59.Kf5 Rb5+ 60.Kg6 Rb6+ 61.Kg5 Rb5+ 62.f5 Rb6 63.Rh7 Ra6 64.Rb7 Rc6
65.f6 Rc1  1/2-1/2

[Event "SportAccord Blitz Women 2013"]
[Site "Beijing CHN"]
[Date "2013.12.15"]
[Round "18.6"]
[White "Cmilyte,V"]
[Black "Kosintseva,T"]
[Result "1-0"]
[WhiteElo "2514"]
[BlackElo "2496"]

1.d4 Nf6 2.c4 e6 3.Nf3 d5 4.Nc3 Be7 5.Bf4 O-O 6.e3 Nbd7 7.Be2 dxc4 8.O-O Nb6
9.Ne5 Nbd5 10.Bg3 c6 11.Bxc4 Bd7 12.Re1 Be8 13.e4 Nxc3 14.bxc3 b5 15.Bb3 c5
16.f4 cxd4 17.cxd4 Bb4 18.Re3 Rc8 19.Nf3 Rc3 20.Qe2 Bc6 21.a3 Ba5 22.Bh4 Qa8
23.Bxf6 Rxe3 24.Qxe3 gxf6 25.d5 Bb6 26.Nd4 exd5 27.Kh1 dxe4 28.Qg3+ Kh8 29.Qc3 Bd5
30.Nf5 Bd8 31.Qc5 Rg8 32.Bxd5 Qb8 33.Bxf7 Qxf4 34.Bxg8 Kxg8 35.Qd5+  1-0

[Event "SportAccord Blitz Men 2013"]
[Site "Beijing CHN"]
[Date "2013.12.15"]
[Round "18.1"]
[White "Aronian,L"]
[Black "Wang Hao"]
[Result "1-0"]
[WhiteElo "2803"]
[BlackElo "2735"]

1.d4 Nf6 2.Nf3 e6 3.c4 d5 4.Nc3 Be7 5.Bf4 O-O 6.Rc1 c6 7.e3 Nbd7 8.h3 a6
9.Be2 b6 10.O-O Bb7 11.Qb3 c5 12.cxd5 Nxd5 13.Bh2 b5 14.Ne4 Qb6 15.dxc5 Nxc5
16.Nxc5 Bxc5 17.Ne5 Rad8 18.Kh1 Be7 19.Bf3 Bf6 20.a4 Qa5 21.Ra1 Ba8 22.axb5 Qxb5
23.Qxb5 axb5 24.Ra5 b4 25.Rfa1 Nb6 26.Bxa8 Rxa8 27.Rxa8 Rxa8 28.Rxa8+ Nxa8
29.Nc4 b3 30.Bd6 Bd8 31.Bc5 f5 32.Kg1 Kf7 33.Kf1 Nc7 34.Bb6 Ke8 35.Nd2 Kd7
36.Nxb3 Bf6 37.Bxc7 Kxc7 38.Nd4 Kd6 39.Ke2 g6 40.b4 Kd5 41.b5 e5 42.Nb3 Kc4
43.b6 Bd8 44.b7 Bc7 45.Nd2+ Kd5 46.e4+ Kc6 47.exf5 gxf5 48.Nf3 Kxb7 49.Nh4 f4
50.Kd3 Kc6 51.Ke4 Kd7 52.Kf5 Kc6 53.Nf3 Kd5 54.Ng5 h6 55.Ne6 Bb6 56.f3 Bf2
57.Nf8 Bd4 58.Nd7 Bb2 59.Nf6+ Kd4 60.Ng4 h5 61.Nxe5 Bc1 62.Ng6 Ke3 63.Nxf4 Kf2
64.Nxh5 Kxg2 65.Kg4 Kf2 66.h4 Ke3 67.Ng7 Kd4 68.Kf5 Kd5 69.Ne6 Kd6 70.Ng5 Ke7
71.h5 Kf8 72.Kg6 Bb2 73.h6 Ke7 74.h7  1-0

[Event "Russian Cup Final 2013"]
[Site "Khanty-Mansiysk RUS"]
[Date "2013.12.15"]
[Round "2.2"]
[White "Savchenko,B"]
[Black "Khismatullin,D"]
[Result "1-0"]
[WhiteElo "2602"]
[BlackElo "2674"]

1.c4 e6 2.Nf3 Nf6 3.d4 d5 4.Nc3 Be7 5.Bf4 O-O 6.e3 Nbd7 7.c5 Nh5 8.Bd3 Nxf4
9.exf4 c6 10.b4 b6 11.O-O a5 12.b5 Bb7 13.bxc6 Bxc6 14.cxb6 Nxb6 15.Ne5 Be8
16.Qf3 Rc8 17.Rac1 g6 18.Qg4 Nd7 19.g3 Bb4 20.Ne2 Nf6 21.Qf3 Ba4 22.Qe3 Kg7
23.g4 Ng8 24.Ng3 Bd6 25.f5 exf5 26.gxf5 Rxc1 27.Rxc1 Qh4 28.Rb1 Re8 29.Rb6 Qe7
30.f4 Qc7 31.Rb1 Nh6 32.Kh1 Kh8 33.fxg6 fxg6 34.Qf3 Rf8 35.Qe3 Bxe5 36.dxe5 Qc3
37.Ne2 Qc7 38.Qd4 Be8 39.Nc3 Bc6 40.Rb6 Ba8 41.Ne2 Kg8 42.Ra6 Bb7 43.Ra7 Ra8
44.Ba6 Nf5 45.Rxb7 Qc6 46.Qb6  1-0

[Event "ch-European Rapid 2013"]
[Site "Warsaw POL"]
[Date "2013.12.15"]
[Round "8.6"]
[White "Moiseenko,A1"]
[Black "Kulaots,K"]
[Result "1-0"]
[WhiteElo "2713"]
[BlackElo "2558"]

1.d4 Nf6 2.c4 e6 3.Nf3 d5 4.Nc3 Be7 5.Bf4 O-O 6.e3 Nbd7 7.c5 Nh5 8.Bd3 Nxf4
9.exf4 b6 10.b4 a5 11.a3 c6 12.O-O Qc7 13.g3 Ba6 14.Bxa6 Rxa6 15.Qe2 Ra7
16.f5 e5 17.dxe5 bxc5 18.bxc5 a4 19.Rae1 Nxc5 20.h4 Nb3 21.Ng5 Bxg5 22.hxg5 d4
23.Ne4 Qxe5 24.Nf6+ gxf6 25.Qg4 Kh8 26.Rxe5 fxe5 27.f6 Rg8 28.Kg2  1-0

[Event "ch-European Rapid 2013"]
[Site "Warsaw POL"]
[Date "2013.12.15"]
[Round "10.5"]
[White "Moiseenko,A1"]
[Black "Sargissian,G"]
[Result "1/2-1/2"]
[WhiteElo "2713"]
[BlackElo "2675"]

1.d4 Nf6 2.c4 e6 3.Nf3 d5 4.Nc3 Be7 5.Bf4 O-O 6.e3 Nbd7 7.c5 c6 8.h3 b6 9.b4 a5
10.a3 h6 11.Bd3 Ba6 12.Bxa6 Rxa6 13.O-O Qa8 14.Qb1 Qb7 15.Rc1 axb4 16.axb4 Rxa1
17.Qxa1 Ra8 18.Qb1 Bd8 19.Rc2 Ra3 20.Nd2 Bc7 21.Qc1 Ra8 22.Bxc7 Qxc7 23.Ra2 Rxa2
24.Nxa2 e5 25.Nc3 exd4 26.exd4 Nf8 27.Nf3 Ne6 28.Qe3 Nd7 29.g3 Qa7 30.Kg2 Qa8
31.Ne2 Qb8 32.Nc1 Qc7 33.Nd3 Qb8 34.Nfe5 Nxe5 35.Nxe5 bxc5 36.bxc5 Qb7 37.h4 f6
38.Nd3 Kf7 39.Nf4 Qd7 40.h5 Nxf4+ 41.Qxf4 Qe7 42.Kf1 Qd7 43.g4 Qb7 44.Qf5 Qe7
45.Qc8 Qe4 46.Qd7+ Kg8 47.Qc8+ Kf7 48.Qd7+ Kg8 49.Qc8+  1/2-1/2

[Event "AUS Masters GM"]
[Site "Melbourne AUS"]
[Date "2013.12.16"]
[Round "3.2"]
[White "Papin,V"]
[Black "Solomon,SJ"]
[Result "1-0"]
[WhiteElo "2514"]
[BlackElo "2386"]

1.d4 d5 2.c4 e6 3.Nf3 Nf6 4.Nc3 Be7 5.Bf4 O-O 6.a3 Ne4 7.e3 f5 8.h3 c6 9.Qc2 Nd7
10.Bd3 Ndf6 11.Ne5 Nd7 12.Nf3 Ndf6 13.O-O Bd7 14.Ne2 Rc8 15.c5 Be8 16.Bh2 Nd7
17.b4 a6 18.a4 g5 19.Ne1 Bg6 20.f3 a5 21.Qb2 Nef6 22.bxa5 Qxa5 23.Qxb7 Qd2
24.Rf2 Qxe3 25.Rd1 f4 26.Bxg6 hxg6 27.Nc2 Rb8 28.Qxc6 Qb3 29.Nc1 Qc4 30.Qxe6+ Rf7
31.Nd3 Qxa4 32.h4 Re8 33.Ra1 Qc4 34.Qa6 gxh4 35.Bxf4 Bf8 36.c6 Nb8 37.Qxc4 dxc4
38.Ndb4 Nxc6 39.Nxc6 Nd5 40.Bg5 Rb7 41.Ne5 Rxe5 42.dxe5 Bc5 43.Bxh4 Rb2 44.Na3 c3
45.Bg3 Ne3 46.Kh1 Bxa3 47.Rxa3 c2 48.Rxc2 Nxc2 49.Ra8+ Kf7 50.Ra7+ Ke6 51.Ra6+ Kf5
52.Rf6+ Kg5 53.Bf4+ Kh5 54.g4+ Kh4 55.Rxg6  1-0

[Event "SportAccord Basque Men 2013"]
[Site "Beijing CHN"]
[Date "2013.12.17"]
[Round "2.2"]
[White "Mamedyarov,S"]
[Black "Radjabov,T"]
[Result "1/2-1/2"]
[WhiteElo "2757"]
[BlackElo "2713"]

1.d4 Nf6 2.c4 e6 3.Nf3 d5 4.Nc3 Be7 5.Bf4 O-O 6.e3 Nbd7 7.a3 c5 8.cxd5 Nxd5
9.Nxd5 exd5 10.dxc5 Nxc5 11.Be5 Bf6 12.Bxf6 Qxf6 13.Qd4 Qxd4 14.Nxd4 Bd7
15.f3 Rfd8 16.Kd2 Ne6 17.Bd3 Kf8 18.Rac1 Rac8 19.h4 h6 20.Rxc8 Rxc8 21.Rc1 Rxc1
22.Kxc1 Nxd4 23.exd4 Ke7 24.Kd2 b6 25.Ke3 g5 26.hxg5 hxg5 27.g4 f6 28.b4 Kd6
29.Be2 Be8 30.Bd3 Bd7 31.Be2 Be8 32.Bd3 Bd7 33.Be2 Be8  1/2-1/2

[Event "51st ch-IND Premier 2013"]
[Site "Jalgaon IND"]
[Date "2013.12.17"]
[Round "1.7"]
[White "Lalith,B"]
[Black "Thejkumar,M"]
[Result "1-0"]
[WhiteElo "2569"]
[BlackElo "2452"]

1.Nf3 Nf6 2.c4 e6 3.Nc3 d5 4.d4 Be7 5.Bf4 O-O 6.a3 c5 7.dxc5 Bxc5 8.e3 Nc6
9.Qc2 Re8 10.Bg5 d4 11.O-O-O e5 12.Nd5 Be7 13.Nxe7+ Qxe7 14.exd4 Nxd4 15.Nxd4 exd4
16.Rxd4 Qe5 17.Be3 b5 18.c5 Bf5 19.Bd3 Rac8 20.b4 Bxd3 21.Rxd3 a5 22.Bd4 Qg5+
23.Kb1 axb4 24.axb4 Qxg2 25.Rhd1 Qg6 26.Rg3 Qxc2+ 27.Kxc2 Re6 28.Rgd3 Ne8
29.Be3 Kf8 30.Rd8 Rxd8 31.Rxd8 Re4 32.c6 Ke7 33.Rd7+ Kf6 34.Bd4+ Kg6 35.Rd5 Re6
36.Rc5 Nd6 37.c7 Nc8 38.f4 f5 39.Rxb5  1-0

[Event "SportAccord Basque Men 2013"]
[Site "Beijing CHN"]
[Date "2013.12.18"]
[Round "4.1"]
[White "Grischuk,A"]
[Black "Radjabov,T"]
[Result "1/2-1/2"]
[WhiteElo "2783"]
[BlackElo "2713"]

1.Nf3 Nf6 2.c4 e6 3.Nc3 d5 4.d4 Be7 5.Bf4 O-O 6.e3 b6 7.Bd3 dxc4 8.Bxc4 Bb7
9.O-O Nbd7 10.Qe2 a6 11.a4 c5 12.Rfd1 cxd4 13.exd4 Qe8 14.d5 exd5 15.Bxd5 Nxd5
16.Nxd5 Bxd5 17.Rxd5 Nc5 18.Re5 Ne6 19.Bg5 Bc5 20.b3 Qc6 21.Qe4 Rac8 22.Be3 Rfd8
23.h4 h6 24.Qxc6 Rxc6 25.Rc1 Rcd6 26.Kf1 a5 27.Rc3 Rd1+ 28.Ke2 Rb1 29.Nd2 Rb2
30.Rd3 Rc8 31.g3 Kf8 32.Kf3 Bxe3 33.Kxe3 Rcc2 34.h5 Ke7 35.f4 Rc1 36.Nc4 Re1+
37.Kf3 Rxe5 38.fxe5 Rxb3 39.Rxb3 Nd4+ 40.Ke4 Nxb3 41.Nxb6 f6 42.Kd5 fxe5
43.Kxe5 Kf7 44.Kd5 g6 45.hxg6+ Kxg6 46.Kc4 Nd2+ 47.Kb5 Ne4 48.Kxa5 Nc3 49.Nc4 Kf5
50.Ne3+ Ke4 51.Ng4 Nxa4 52.Kxa4 Kf3 53.Nxh6 Kxg3  1/2-1/2

[Event "Pavlodar Open 2013"]
[Site "Pavlodar KAZ"]
[Date "2013.12.18"]
[Round "9.38"]
[White "Tokabayev,A"]
[Black "Vikhrenko,K."]
[Result "0-1"]
[WhiteElo "1936"]
[BlackElo "1803"]

1.Nf3 d5 2.d4 Nf6 3.c4 e6 4.Nc3 Be7 5.Bf4 O-O 6.e3 c5 7.Qc2 Nc6 8.O-O-O Qa5
9.dxc5 Bxc5 10.a3 a6 11.Kb1 dxc4 12.Bxc4 b5 13.Bd3 b4 14.Ne4 Be7 15.Nxf6+ Bxf6
16.Qxc6 bxa3 17.Qe4 g6 18.Be5 Bb7 19.Qf4 Bxe5 20.Qxe5 Bd5 21.e4 axb2 22.exd5 Rfc8
23.Qxb2 Rab8 24.Rd2 Qc3 25.Bxa6 Rxb2+ 26.Rxb2 Ra8 27.Rc1 Qa3 28.Rc8+ Rxc8
29.Bxc8 Qd3+ 30.Rc2 exd5 31.Bd7 Qf1+ 32.Kb2 Qxg2 33.Rc3 Qxf2+ 34.Kb3 Qb6+
35.Kc2 d4 36.Rc4 d3+ 37.Kxd3 Qb3+ 38.Rc3 Qd5+ 39.Ke2 Qxd7 40.Rd3 Qe6+ 41.Kf2 h6
42.Re3 Qb6 43.Ke2 Kg7 44.Rd3 g5 45.h3 Qe6+ 46.Kf2 Qxh3 47.Re3 g4 48.Ne5 Qh2+
49.Kf1 h5 50.Nd3 h4 51.Nf2 g3 52.Ng4 g2+  0-1

[Event "WYCC U16 Girls 2013"]
[Site "Al-Ain UAE"]
[Date "2013.12.19"]
[Round "2.10"]
[White "Harutyunyan,Ani"]
[Black "Derakhshani,D"]
[Result "1-0"]
[WhiteElo "1916"]
[BlackElo "2087"]

1.d4 Nf6 2.Nf3 e6 3.c4 d5 4.Nc3 Be7 5.Bf4 O-O 6.e3 Nbd7 7.a3 c5 8.cxd5 Nxd5
9.Nxd5 exd5 10.dxc5 Nxc5 11.Be5 Bf6 12.Bxf6 Qxf6 13.Qd4 Qb6 14.Rc1 Nb3 15.Qxb6 axb6
16.Rd1 Rd8 17.Bc4 Na5 18.Bxd5 Be6 19.Bxe6 fxe6 20.Ne5 Rdc8 21.O-O Rc2 22.b4 Nc6
23.Nxc6 bxc6 24.Rd3 Kf7 25.g3 b5 26.Rfd1 Ra2 27.Rc1 R8xa3 28.Rxc6 Rb3 29.Rd7+ Kf6
30.Rcc7 Rxb4 31.Rxg7 Rb1+ 32.Kg2 Rbb2 33.Rcf7+ Ke5 34.Rxh7 Ke4 35.Rh6 e5
36.Re6 b4 37.h4 b3 38.h5 Rc2 39.Rb6 b2 40.h6 Ra8 41.h7 Kd3 42.g4 e4 43.Rd7+ Ke2
44.Rdb7  1-0

[Event "WYCC U16 Girls 2013"]
[Site "Al-Ain UAE"]
[Date "2013.12.20"]
[Round "3.6"]
[White "Harutyunyan,Ani"]
[Black "Paramzina,A"]
[Result "1/2-1/2"]
[WhiteElo "1916"]
[BlackElo "2111"]

1.d4 d5 2.Nf3 Nf6 3.c4 e6 4.Nc3 Be7 5.Bf4 c5 6.e3 O-O 7.dxc5 Bxc5 8.cxd5 Nxd5
9.Nxd5 exd5 10.Bd3 Bb6 11.Qc2 h6 12.O-O Nc6 13.Rfd1 Qf6 14.Bb5 Bg4 15.Bxc6 Bxf3
16.Bxb7 Bxd1 17.Rxd1 Rad8 18.Bxd5 h5 19.h3 h4 20.Qd2 g5 21.Bh2 Rd7 22.e4 Re8
23.Qc2 Qg6 24.Qa4 Red8 25.Be5 g4 26.hxg4 Qxg4 27.Rd3 Re7 28.Bf6 Rxd5 29.Rxd5 Rxe4
30.Qd1 Bxf2+ 31.Kxf2 Qg3+ 32.Kf1 Rf4+ 33.Kg1 Rxf6 34.Qd2 Rg6 35.Rd8+ Kh7
36.Rd3 Qg4 37.Qf2 Kg7 38.Rd4 Qg5 39.Rxh4 Qc1+ 40.Kh2 Qc7+ 41.Qf4 Qxf4+ 42.Rxf4 Ra6
43.a3 Rb6 44.b4 Rc6 45.Rf3 Rc2 46.Kh3 Kg6 47.g4 Ra2 48.Kg3 Ra1 49.Rc3 f6
50.Kf4 Ra2 51.Ke4 Kg5 52.Kf3 Kg6 53.Ke4 Kg5  1/2-1/2

[Event "25th Carlos Torre Open"]
[Site "Merida MEX"]
[Date "2013.12.20"]
[Round "9.7"]
[White "Ortiz Suarez,I"]
[Black "Ordaz Valdes,L"]
[Result "1/2-1/2"]
[WhiteElo "2608"]
[BlackElo "2345"]

1.d4 d5 2.c4 e6 3.Nc3 Be7 4.Nf3 Nf6 5.Bf4 O-O 6.e3 b6 7.cxd5 Nxd5 8.Bg3 c5
9.Bd3 cxd4 10.Nxd4 Nf6 11.Nf3 Nd5 12.Nd4 Nxc3 13.bxc3 Bb7 14.Qc2 h6 15.Rd1 Qc8
16.Nb5 a6 17.Nd6 Bxd6 18.Bxd6 Rd8 19.f3 Nd7 20.Be7 Re8 21.Ba3 Ne5 22.Be2 Nc4
23.Bc1 e5 24.Qb3 b5 25.Qb4 Nb6 26.e4 Nc4 27.a4 Qc7 28.axb5 axb5 29.Qxb5 Ba6
30.Rd7 Qc8 31.Qd5 Re6 32.O-O Nb6 33.Bxa6 Qxd7 34.Qxd7 Nxd7 35.Bb5 Rd6 36.Be3 Rc8
37.c4 Nc5 38.h4 h5 39.Rb1 Rc7 40.Ra1 Rd8 41.Kh2 f6 42.Ra3 Kh7 43.Kh3 Kg8
44.g4 hxg4+ 45.Kxg4 g6 46.h5 gxh5+ 47.Kxh5 Kf7 48.Bxc5 Rxc5 49.Ra7+ Ke6 50.Kg6 Rg8+
51.Kh6 Rg3 52.Bd7+ Kd6 53.Bg4 Rxg4 54.fxg4 Rxc4 55.Rf7 Rxe4 56.Rxf6+ Ke7
57.g5 Rg4 58.Rf1 Rf4 59.Ra1 Rh4+ 60.Kg7 e4 61.Ra4 Rg4 62.g6 Ke6 63.Kh6 Kf5
64.Ra5+ Kf4 65.g7 Rxg7 66.Kxg7 e3 67.Kf6 e2 68.Re5 Kf3 69.Kg5 Kf2 70.Rf5+ Ke3
71.Re5+ Kf2  1/2-1/2

[Event "WYCC U18 Open 2013"]
[Site "Al-Ain UAE"]
[Date "2013.12.22"]
[Round "6.26"]
[White "Vanagas,T"]
[Black "Lugovskoy,M"]
[Result "0-1"]
[WhiteElo "2116"]
[BlackElo "2392"]

1.d4 d5 2.c4 e6 3.Nc3 Be7 4.Nf3 Nf6 5.Bf4 O-O 6.e3 b6 7.Bd3 c5 8.O-O Nc6
9.cxd5 exd5 10.Ne5 Bb7 11.Qf3 Qc8 12.Rad1 c4 13.Bb1 Nxe5 14.Bxe5 Qg4 15.Bf5 Qxf3
16.gxf3 Rad8 17.Rfe1 g6 18.Bh3 Nd7 19.Bc7 Rc8 20.Bf4 f5 21.e4 Rf7 22.exf5 g5
23.f6 Bxf6 24.Bd6 Rg7 25.Be6+ Kh8 26.Nxd5 Bxd5 27.Bxd5 Nf8 28.Bxc4 Rd7 29.Ba6 Rcd8
30.Be5 Bxe5 31.Rxe5 Rxd4 32.Rxd4 Rxd4 33.b3 Ng6 34.Rxg5 Kg7 35.Kg2 Kf6 36.Rg4 Rd2
37.a4 h5 38.Re4 Kg5 39.f4+ Kf5 40.Re8 Kxf4 41.Re2 Rd1 42.Bb7 Nh4+ 43.Kh3 Nf5
44.Re4+ Kg5 45.Ba6 Rd2 46.Kg2 Rc2 47.Bc4 Nh4+ 48.Kh3 Ng6 49.Kg3 Rc3+ 50.Re3 Rc1
51.f4+ Kf6 52.Re6+ Kf5 53.Re8 Rc3+ 54.Kf2 Kxf4 55.Ra8 Rc2+ 56.Ke1 Rxh2 57.Rxa7 h4
58.Rb7 Ke3 59.Kd1 h3 60.Rxb6 Nf4 61.Ba6 Ra2 62.Bb7 h2 63.Rh6 Kd3 64.Rd6+ Kc3
65.Rc6+ Kxb3 66.Rb6+ Kc3 67.Rc6+ Kd4 68.Rh6 Kd3 69.Rd6+ Ke3 70.Rh6 Rxa4 71.Rh8 Ra2
72.Rh6 Ra7 73.Bc6 Ra5 74.Bb7 Ra2 75.Rh8 Rb2 76.Ba8 Rd2+ 77.Kc1 Ra2 78.Kd1 Ra7
79.Bc6 Ra1+ 80.Kc2 Ra2+ 81.Kd1 Nd3 82.Re8+ Kd4 83.Re2 Nf2+ 84.Ke1 Rxe2+ 85.Kxe2 Ne4  0-1

[Event "WYCC U18 Girls 2013"]
[Site "Al-Ain UAE"]
[Date "2013.12.23"]
[Round "7.4"]
[White "Navrotescu,A"]
[Black "Rodriguez Rueda,P"]
[Result "1/2-1/2"]
[WhiteElo "2147"]
[BlackElo "2257"]

1.c4 e6 2.Nc3 d5 3.d4 Nf6 4.Nf3 Be7 5.Bf4 O-O 6.e3 c5 7.dxc5 Bxc5 8.a3 Nc6
9.Qc2 Qa5 10.Rd1 Be7 11.Be2 a6 12.O-O dxc4 13.Bxc4 b5 14.Ba2 Bb7 15.Bb1 g6
16.Ne4 Rac8 17.Qe2 Rfd8 18.Nd6 Bxd6 19.Rxd6 Nd5 20.Rxd8+ Qxd8 21.Bg5 f6 22.Bh4 Qe7
23.Ba2 Nb6 24.e4 g5 25.Bg3 h6 26.Rd1 Rd8 27.Rxd8+ Nxd8 28.Nd4 Qd7 29.Nf3 Nf7
30.h4 Na4 31.hxg5 hxg5 32.Nh2 Nc5 33.f3 Kg7 34.Ng4 Bc8 35.Bf2 Qd3 36.Qe1 Na4
37.Qc1 Bd7 38.Be3 Qe2 39.Bd4 e5 40.Bxf7 Kxf7 41.Nxe5+ fxe5 42.Bxe5 Kg6 43.b3 Nb6
44.Qc7 Qe1+ 45.Kh2 Qh4+ 46.Kg1 Qe1+ 47.Kh2 Qh4+  1/2-1/2

[Event "WYCC U18 Girls 2013"]
[Site "Al-Ain UAE"]
[Date "2013.12.24"]
[Round "8.4"]
[White "Severina,M"]
[Black "Klek,H"]
[Result "1-0"]
[WhiteElo "2203"]
[BlackElo "2297"]

1.d4 d5 2.c4 e6 3.Nc3 Be7 4.Nf3 Nf6 5.Bf4 O-O 6.e3 b6 7.Bd3 dxc4 8.Bxc4 Bb7
9.O-O a6 10.Qe2 b5 11.Bd3 c5 12.dxc5 Bxc5 13.Rfd1 Nbd7 14.Ne5 Ra7 15.Nxd7 Nxd7
16.Qc2 f5 17.e4 e5  1-0

[Event "Al-Ain Classic Open A 2013"]
[Site "Al-Ain UAE"]
[Date "2013.12.26"]
[Round "7.20"]
[White "Hayrapetyan,Ho"]
[Black "Nezad,H"]
[Result "1-0"]
[WhiteElo "2458"]
[BlackElo "2400"]

1.d4 Nf6 2.Nf3 d5 3.c4 e6 4.Nc3 Be7 5.Bf4 O-O 6.e3 c5 7.dxc5 Bxc5 8.a3 Nc6
9.b4 Be7 10.h3 dxc4 11.Bxc4 Qxd1+ 12.Kxd1 Bd7 13.Ke2 Rfc8 14.Nd2 Be8 15.Rhc1 a6
16.Bd3 b5 17.Nb3 Bf8 18.Ne4 Nd5 19.Bg3 e5 20.Nec5 f6 21.Bf5 Rc7 22.Ne6 Rca7
23.Be4 Nce7 24.Na5 Bf7 25.Nxf8 Kxf8 26.f3 Rd8 27.Bxd5 Bxd5 28.e4 Ba8 29.Bf2 Rad7
30.Rc2 Kf7 31.Bb6 Rc8 32.Rac1 Rxc2+ 33.Rxc2 f5 34.Ke3 fxe4 35.fxe4 Rd6 36.Bc5 Rd7
37.Bxe7 Kxe7 38.Rc8 Rd8 39.Rxd8 Kxd8 40.Nb3 Ke7 41.Nc5 Kd6 42.Nxa6 Bc6 43.Nc5 Be8
44.g4 Bc6 45.Kf3 h6 46.Nd3 Bd7 47.Nf2 Be6 48.Nd1 Bd7 49.Ne3 Ke6 50.Nd5 Kd6
51.Nc3 Ke6 52.Kg3 Bc6 53.Kh4 g6 54.Kg3 Kd6 55.Kf3 Be8 56.Ke3 Bd7 57.Kd3 Be8
58.Kd2 Bd7 59.Ke3 Be6 60.Kf3 Bd7 61.Kg3 Be8 62.g5 h5 63.h4 Bc6 64.Kf3 Bd7
65.Ke3 Kc7 66.Kd3 Kb6 67.Kc2 Be8 68.Kb2 Bd7 69.a4 bxa4 70.Ka3 Bc6 71.Nxa4+ Kb5
72.Kb3 Bd7 73.Nc5 Bc6 74.Kc3 Ba8 75.Kd3 Bc6 76.Ke3 Kxb4 77.Nd3+ Kc3 78.Nxe5 Be8
79.Kf4 Kd4 80.Nf3+ Kd3 81.Ke5 Ke3 82.Nd4 Ba4 83.Nf5+ Kf3 84.Ne7 Be8 85.Kf6 Kxe4
86.Nxg6 Ba4 87.Nf8  1-0

[Event "Al-Ain Classic Open A 2013"]
[Site "Al-Ain UAE"]
[Date "2013.12.27"]
[Round "8.26"]
[White "Tunik,G"]
[Black "Basencyan,M"]
[Result "1/2-1/2"]
[WhiteElo "2416"]
[BlackElo "2181"]

1.d4 d5 2.c4 e6 3.Nf3 Nf6 4.Nc3 Be7 5.Bf4 O-O 6.e3 Nbd7 7.c5 c6 8.Bd3 b6
9.b4 a5 10.a3 Ba6 11.O-O Qc8 12.h3 Qb7 13.Rb1 Bxd3 14.Qxd3 axb4 15.axb4 b5
16.Qc2 Ra6 17.Ne1 Rfa8 18.f3 Bd8 19.e4 Bc7 20.e5 Nh5 21.Bh2 g6 22.g4 Ng7
23.Nd3 Bd8 24.Rfe1 R8a7 25.Bg3 Qa8 26.Qc1 Ra3 27.Kg2 Nf8 28.Re2 Ra1 29.Bf4 Rxb1
30.Qxb1 Ra1 31.Ra2 Rxa2+ 32.Qxa2 Qxa2+ 33.Nxa2 Nd7 34.Bh6 Ne8 35.Nc3 Nc7
36.Kg3 f6 37.Be3 f5 38.h4 Kf7 39.Ne2 Na6 40.Ng1 Nf8 41.Nh3 Kg7 42.Bg5 Bxg5
43.Nxg5 h6 44.Nh3 Kf7 45.Ng1 fxg4 46.fxg4 g5 47.hxg5 hxg5 48.Nf3 Nh7 49.Kf2 Nb8
50.Ke3 Nd7 51.Nd2 Ke7 52.Nf3 Kd8 53.Nf2 Ndf8 54.Nd2 Ng6 55.Nf3 Nh8 56.Nh1 Nf7
57.Ng3 Nh6 58.Nh2 Ke7 59.Kf3 Nf8 60.Nhf1 Nd7 61.Nh5 Nb8 62.Ne3 Na6 63.Nc2 Ng8
64.Ke3 Kf7 65.Kd3 Nc7 66.Na1 Ne7 67.Nb3 Na6 68.Kc3 Ng6 69.Na5 Nb8 70.Nf6 Nf4
71.Kd2 Nh3 72.Ke3 Nf4 73.Nb7 Ke7 74.Nh7 Na6 75.Nxg5 Ng6 76.Na5 Nxb4 77.Nf3 Kd7
78.Kd2 Nf4 79.Nh4 Nh3 80.Nf3 Nf4  1/2-1/2